O vendedor de felicidade (Record no. 24619)

Metadata
000 -Etiqueta do registo
campo de controlo de comprimento fixo 01193nam a2200361 4500
001 - Identificador do registo
Campo de controlo 24619
010 ## - ISBN
Número (ISBN) 9789897843822
021 ## - Nº depósito legal
Código do país Portugal
Número 512290/23
100 ## - Dados Gerais de Proc.
Dados gerais de processamento 20240122d2023 c y0pory50030103ba
101 1# - Língua da publicação
Língua do texto, banda sonora, etc. Português
Língua do documento no original ita
102 ## - País de Publicação
País de publicação Portugal
105 ## - Dados Codif. Livros
Dados codificados dos livros a z 000fy
106 ## - Atributos Físicos
Dados codificados do material textual r
200 1# - Título
Título próprio O vendedor de felicidade
Primeira menção de responsabilidade Davide Calì, Marco Somà
Outras menções de responsabilidade trad. Maria de Fátima Carmo
205 ## - Menção da edição
Menção da edição 3ª ed
210 #9 - Publicação, Distribuição
Lugar da edição, distribuição, etc. Lisboa
Nome do editor, distribuidor, etc. Nuvem de Letras
Data da publicação, distribuição, etc. 2023
215 ## - Descrição física
Descrição física [28] p.
Outras indicações físicas il.
Dimensões 34 cm
304 ## - Título
Texto da nota Tít. orig.: Il venditore di felicità
330 ## - Sumário ou Resumo
Texto da nota A felicidade é o mais importante na vida, por isso, quando o senhor Pombo decide vendê-la em frascos pequenos, grandes e de tamanho familiar, surgem imediatamente compradores interessados.

Uma pena que, quando o vendedor de felicidade vai embora, deixe cair um pequeno jarro. É então que a verdade é revelada…
606 ## - Nome comum
Elemento de entrada Literatura infantil
Subdivisão de assunto Conto
675 ## - CDU
Notação 087.5
Edição BN
Língua da edição Português
675 ## - CDU
Notação 821.133.1(494)-93"20"
Edição BN
Língua da edição Português
675 ## - CDU
Notação 821.133.1(494)-34"20"
Edição BN
Língua da edição Português
700 #1 - Responsabilidade principal
Palavra de ordem Cali
Outra parte do nome Davide
Datas 1972-
701 #1 - Co-responsabilidade principal
Palavra de ordem Somà
Outra parte do nome Marco
Datas 1983-
Código de função Autor
702 #1 - Responsabilidade secundária
Palavra de ordem Carmo
Outra parte do nome Maria de Fátima
Código de função Tradutor
801 #0 - Fonte de origem
País Portugal
Agência BEDB
Regras de catalogação RPC
090 ## - Números de controlo do sistema (Koha)
Número biblioitem do Koha (gerado automaticamente) 24619
942 ## - Elementos de entrada adicionados (Koha)
Suprimido Disponível no OPAC
Tipo de item no Koha Monografia
Holdings
Removido (estado) Perdido (estado) Data de aquisição Origem do registo (biblioteca) (codificado) Código da organização que empresta ou é detentora (biblioteca) Código de barras Cota Data de empréstimo ou depósito Tipo de circulação (não pode ser emprestado) Tipo de item e material
Disponível Disponível 2026-01-08 BE Diogo Bernardes BE Diogo Bernardes D00028699 82-93 CALD 2026-02-03 Normal Monografia